000 00675nam 22002053 4500
001 201882
010 _a972-31-0906-9
021 _aPT
_b162221/01
090 _a201882
100 _a20260421d u||y0pory50 ba
200 _aA utopia em Das Glasperlenspiel
_fFernando Jorge de Oliveira Ribeiro
210 _a[Lisboa]
_cFundação Calouste Gulbenkian
_d2001
215 _a383 p.
_cbrochado
_d23 cm
225 _aTextos universitários de ciências sociais e humanas
606 _93661
_aCrítica Literária.Estudos Literários
675 _a82.09
_vPT
_zpor
700 _917162
_aRibeiro
_bFernando Jorge de Oliveira
_f1956-
801 _aPT
_bBMMN
_gRPC
830 _cVanda
990 _cLIVROS